Normal view
MARC view
Entry Personal Name
001 - CONTROL NUMBER
- control field: 93020
003 - CONTROL NUMBER IDENTIFIER
- control field: OSt
005 - DATE AND TIME OF LATEST TRANSACTION
- control field: 20230425162654.0
008 - FIXED-LENGTH DATA ELEMENTS
- fixed length control field: 230425|| aca||aabn | a|a d
040 ## - CATALOGING SOURCE
- Original cataloging agency: OSt
- Transcribing agency: OSt
100 ## - HEADING--PERSONAL NAME
- Personal name: NAYAR (Pramod K)
670 ## - SOURCE DATA FOUND
- Source citation: Work cat.: (OSt)161057: NAYAR (Pramod K)., English poetry 1660-1780 an anthology., 2011